Los beligerantes y los neutrales en la guerra marítima

Uloženo v:
Podrobná bibliografie
Hlavní autor: Silva, Gustavo (Autor)
Médium: Kniha
Jazyk:španělština
Vydáno: Valparaíso Royal 1914
Témata:
Tagy: Přidat tag
Žádné tagy, Buďte první, kdo vytvoří štítek k tomuto záznamu!

MARC

LEADER 00000nam a2200000 a 4500
001 UCT9172
003 CL-VaPUC
008 970404e19140000CL |||||||||||||||||spa|d
082 0 4 |a 341.5  |b SIL  |2 21 
100 0 |a Silva, Gustavo  |e author  |9 381630 
245 1 4 |a Los beligerantes y los neutrales en la guerra marítima 
300 |a 146 p 
942 |c BK 
945 |d 19970404 00:00:00  |a cmena 
260 |a Valparaíso  |b Royal  |c 1914 
650 7 |a DERECHO INTERNACIONAL PUBLICO  |2 CL-VaPUC  |9 381631 
650 0 |a Guerra  |9 255876 
650 7 |a CONFLICTOS INTERNACIONALES  |2 CL-VaPUC  |9 334143 
650 0 |a Guerra marítima  |9 381632 
650 0 |a Tratados internacionales   |9 256056 
650 0 |a Derechos humanos  |9 223025 
583 |a last modification  |c 19970404 00:00:00  |k Rodrigo Vera 
999 |c 257592  |d 257590 
952 |0 0  |1 0  |4 0  |6 341_500000000000000_SIL_1914  |7 0  |8 A  |9 281131  |a BIBDER  |b BIBDER  |d 2019-11-19  |i 182368K  |o 341.5 SIL 1914  |p 182368K  |r 2023-01-25  |w 2019-11-19  |y BK  |k DER